000 00530nam a2200193Ia 4500
003 GCL
008 140319s9999 xx 000 0 eng d
040 _aGCL /
_cGCL
082 0 4 _a004.678
_bL G
100 1 _aLEWON, PAUL
245 1 0 _aGYBERHOUND'S GUIDE TO INTERNET DISCUSSION GROUPS /
_cLEWON, PAUL
700 1 _aMORROW, BLAINE VICTOR
260 _a[S.N] :
_bGALE RESEARCH INC. ،
_c1997
300 _a1058 P
650 0 4 _aINTERNET
650 0 4 _aCOMPUTER - NETWORKS
650 0 4 _aINFORMATION - NETWORKS
942 _2ddc
_cBK
999 _c16493
_d16493